Sbírka příkladů z ekonomiky vnitřního obchodu

Gespeichert in:
Bibliographische Detailangaben
Körperschaft: Vysoká škola ekonomická v Praze. Obchodní fakulta
Format: Buch
Sprache:Tschechisch
Veröffentlicht: Praha Státní pedagogické nakladatelství 1984
Tags: Tag hinzufügen
Keine Tags, Fügen Sie das erste Tag hinzu!

MARC

LEADER 00000nam a2200000 4500
001 c108782
005 20190204094549.3
041 0 |a cze 
044 |a CZ 
245 1 0 |a Sbírka příkladů z ekonomiky vnitřního obchodu 
264 1 |a Praha  |b Státní pedagogické nakladatelství  |c 1984 
300 |a 116 s. 
710 2 |a Vysoká škola ekonomická v Praze. Obchodní fakulta